000 00506nam a2200181 i 4500
001 bg
100 1 _aGUTOWSKI, Roman
245 0 _aDynamika typologiczna /
_cRoman Gutowski.
260 _aWarszawa :
_bIPPT,
_c1980.
300 _a110 s.
490 1 _aPrace Instytutu Podstawowych Problemów Techniki PAN ;
_vNr 11
830 _aPrace Instytutu Podstawowych Problemów Techniki PAN ;
040 _cBPK
041 _apol
080 _a531.3
942 _cKS
008 s pl f |000 0 pol
999 _c20844
_d20844
856 _uhttp://koha.tu.koszalin.pl/cgi-bin/koha/opac-detail.pl?biblionumber=20844
_yKatalog online BPK